A clear guide to flooding for property owners (Record no. 122354)

MARC details
000 -LEADER
fixed length control field 00833cad a22001935a 4500
005 - DATE AND TIME OF LATEST TRANSACTION
control field 20260527160921.0
008 - FIXED-LENGTH DATA ELEMENTS--GENERAL INFORMATION
fixed length control field 260527s2011 xxk f 000 0 eng d
041 0# - LANGUAGE CODE
Language code of text/sound track or separate title eng
050 04 - LIBRARY OF CONGRESS CALL NUMBER
Classification number 690.24 $2 20
110 2# - MAIN ENTRY--CORPORATE NAME
Corporate name or jurisdiction name as entry element Royal Institution of Chartered Surveyors
9 (RLIN) 4900
245 02 - TITLE STATEMENT
Title A clear guide to flooding for property owners
Statement of responsibility, etc. [old edition]
260 ## - PUBLICATION, DISTRIBUTION, ETC.
Place of publication, distribution, etc. London,
Name of publisher, distributor, etc. RICS,
Date of publication, distribution, etc. 2011
490 ## - SERIES STATEMENT
Series statement RICS Consumer Guide
520 ## - SUMMARY, ETC.
Summary, etc. RICS flooding consumer guide for property owners published by the RICS Flooding Working Group. With practical advice on how to prepare for a flood including information such as the risk to a property from flooding and what to do if a property is flooded.
590 ## - LOCAL NOTE (RLIN)
Local note KA
651 #4 - SUBJECT ADDED ENTRY--GEOGRAPHIC NAME
Geographic name United Kingdom
690 ## - LOCAL SUBJECT ADDED ENTRY--TOPICAL TERM (OCLC, RLIN)
Topical term or geographic name as entry element ENVIRONMENTAL AND LAND CONSULTANCY-WATER RESOURCE MANAGEMENT-FLOODING
942 ## - ADDED ENTRY ELEMENTS (KOHA)
Suppress in OPAC 0
Source of classification or shelving scheme Dewey Decimal Classification
Holdings
Withdrawn status Lost status Damaged status Not for loan Home library Current library Shelving location Date acquired Total Checkouts Full call number Date last seen Price effective from Koha item type
        Archives Archives RICS Boxes 27/05/2026   RICS 2011/76 27/05/2026 27/05/2026 Book